000 01010nas a2200337 4500
001 BR0901727
003 BR-BrBNA
005 20231205112627.0
007 ta
008 230509b bl.|||p| |||| 00| 00por d
040 _aBR-BrBNA
_bpor
_cBiblioteca Nacional de Agricultura
041 _a(Pt)
072 _aQ03
100 1 _aPrado, G.
100 1 _aLeal, A.S.
100 1 _aOliveira, M.S. de
100 1 _aMoraes, V.A.D.
100 1 _aMadeira, J.E.G.C.
100 1 _aVieira, I.F.R.
100 1 _aLima, A. de S.
100 1 _aMoreira, A.P.A.
100 1 _aAndrade, M.C. de
245 1 _aInfluência da radiação gama (60Co)na ocratoxina A e na microbiota fúngica de café (Coffea arabica L.)
650 _aCAFÉ
650 _aOCRATOXINA
650 _aCONTAMINAÇÃO
650 _aRAIO GAMA
773 0 _tRevista Brasileira de Armazenamento (Brazil)
_xISSN 0100-3518
_g(2008), Special Cafe no.10 p. 42-48
_wBR0901727
909 _a202311
_bLúcia
_c55
_dLúcia Elande
942 _2AGRIS
_n0
_cANA
999 _c199049
_d199049